Регионална библиотека "Любен Каравелов" - Русе

Лабораторни упражнения по заваряване (Запис номер 186932)

MARC детайли
000 -Лидер
Контролно поле с фиксирана дължина nam a22 a 4500
003 - Код на организацията, давaща контролен номер
Контролно поле BLK
005 - Дата и час на последна редакция
Контролно поле 20220926120621.0
008 - Елементи от данни с фиксирана дължина
fixed length control field 180411b bul|||||r ||||||| ||bul||
010 ## - Наследен системен номер
LC control number KNG00195928000
040 ## - Източник на каталожния запис
Идентификатор на билиотеката - собственик на записа BLK
041 ## - Код за език
Код за езика на текст/звукозапис или на отделно заглавие Български
Код за езика КДБФ Български
080 ## - УДК
Текстов определител УДК Заваряване и родствени процеси. Вж и 621.735; 621.78
УДК код - определител по УДК 621.791
УДК определител (075.81)
УДК - код + определител 621.791(075.81)
100 1# - Редна дума - Автор
Автор Николов, Димитър
Авторска отговорност първи автор
R(LIN) 366280
139 ## - Редно поле
Редна дума Николов, Димитър и др.
Авторски знак Николо - Н 74
245 10 - Сведения за заглавието
Заглавие Лабораторни упражнения по заваряване
Подзаглавни данни За студентите от ВИММЕСС - Русе
Редно поле (дума) Димитър Николов; съавт. Христо Й. Маринов; съавт. Борис Р. Матеев.
250 ## - Област на изданието
Сведения за изданието 2. прераб. изд.
257 ## - Страна на издаване
Страна на създаване/издаване България
260 ## - Област на издателските данни
Име на издателя, разпространителя и проч. ВИММЕСС
Година на издаване 1974
Място на издаване, разпространение и проч. Русе
300 ## - Физическа характеристика
Страници 142 с.
Илюстрации и др. с черт. и табл. ; 23 см
380 ## - Жанр
Жанр Техника
500 ## - Общи забележки
Забележка 1. изд. 1972 Офс. изд. - 1 000 тир. - Библиогр. с. 142.
650 #4 - Допълнително описание по предмет – тема
Основно описание – тема или топоним Заваряване - учебници за ВУЗ
9 (RLIN) 254152
653 ## - Ключова дума – ненормативна
Ключова дума заваряване
653 ## - Ключова дума – ненормативна
Ключова дума учебници за ВУЗ
700 1# - Други автори (авторска отговорност)
Лично име Маринов, Христо Й.
Автороска отговорност (Описва отношението между автора и произведението) съавт.
9 (RLIN) 344226
700 1# - Други автори (авторска отговорност)
Лично име Матеев, Борис Р.
Автороска отговорност (Описва отношението между автора и произведението) съавт.
9 (RLIN) 344227
852 ## - Местоположение
Форматна сигнатура Цб 75462
Фондова буква Хранилище
856 4# - Електронен адрес и достъп
Електронен формат pdf - файл
856 4# - Електронен адрес и достъп
Електронен формат pdf - файл
999 ## - СИСТЕМНИ КОНТРОЛНИ НОМЕРА
Koha biblionumber 186932
Koha biblioitemnumber 186932
942 ## - АРТИКУЛИ
Вид на библиотечния материал Книги
Скрит в OPAC Не
Koha issues (borrowed), all copies 1
Периодичен библиозапис Да
944 ## - СЪЗДАВАНЕ И РЕДАКЦИЯ на ЗАПИСА
Създаване/Редакция Създаване
Дата на регистрацията/редакция 14.11.2016
Служител, извършил регистрацията/редакцията Станимира_Цанева
944 ## - СЪЗДАВАНЕ И РЕДАКЦИЯ на ЗАПИСА
Създаване/Редакция Редакция
Дата на регистрацията/редакция 14.11.2016
Служител, извършил регистрацията/редакцията Станимира_Цанева
944 ## - СЪЗДАВАНЕ И РЕДАКЦИЯ на ЗАПИСА
Създаване/Редакция Редакция
Дата на регистрацията/редакция 2022-09-26
Служител, извършил регистрацията/редакцията Микаела Микова-Илиева
999 ## - СИСТЕМНИ КОНТРОЛНИ НОМЕРА
Koha biblioitemnumber 186932
Наличности
Код за отписване Код за изгубен артикул Източник на класификационната схема Код за повреда Коз за рестрикции Код за отдаване Артикулен № Име на библиотеката - собственик Име на библиотеката, в която се намира в момента Статус (Текущо местоположение) Дата на вписване в системата Местоположение - отдел Цена в лева Инвентарен номер Систематично азбучна сигнатура Баркод Номер на екземпляра Цена в евро Служебна бележка Служебен тип на артикула
  Не е изгубен Universal Decimal Classification Не е повреден само за читалня ползва се в читалня 325950 Регионална библиотека "Любен Каравелов" Русе Регионална библиотека "Любен Каравелов" Русе Хранилище 1974-01-01 Хранилище 0.65 181645 Цб 75462 120000181645 1 0.33 N: стар фонд Дата: 01.01.1974 Книги
  Не е изгубен Universal Decimal Classification Не е повреден без рестрикции заемане за дома 325951 Регионална библиотека "Любен Каравелов" Русе Регионална библиотека "Любен Каравелов" Русе Заемна - подръчен фонд 1974-01-01 Заемна - подръчен фонд 0.65 186605 П 621.791/Н 74 186605 2 0.33 N: стар фонд Дата: 01.01.1974 Книги
Vip Innovations Ltd, Rousse, Bulgaria 2025